Primitive heritage : an anthropological anthology

Αποθηκεύτηκε σε:
Λεπτομέρειες βιβλιογραφικής εγγραφής
Άλλοι συγγραφείς: Calas, Nicolas (Επιμελητής έκδοσης), Mead, Margaret, 1901-1978 (Επιμελητής έκδοσης)
Μορφή: Βιβλίο
Γλώσσα:English
Δημοσίευση: London : Victor Gollancz, 1954
Θέματα:
Ετικέτες: Προσθήκη ετικέτας
Δεν υπάρχουν, Καταχωρήστε ετικέτα πρώτοι!

MARC

LEADER 00000cam a2200000 i 4500
001 1/99768
008 000128s1954 eng d
035 |l 10057012 
040 |a GR-MY-UA  |b gre  |e aacr 
041 0 |a eng 
082 0 |a 301.7 
245 1 0 |a Primitive heritage :  |b an anthropological anthology /  |c Edited, with an intriduction, by Margaret Mead and Nicolas Calas 
260 |a London :   |b Victor Gollancz,   |c 1954 
300 |a xxx, 592 p. 
504 |a Includes bibliographical references 
650 0 0 |a Primitive societies. 
700 1 |a Calas, Nicolas.  |4 edt 
700 1 |4 edt  |a Mead, Margaret,   |d 1901-1978. 
852 |a INST  |b LESVOS  |e 20000128  |h 301.7 PRI  |p 005100025697  |q 005100025697  |t BK  |y 0 
901 |a BIBL1-2000-1 
909 |a Λ  |b 034422 
970 |a ΑΙΒΑΤΖΙΔΟΥ  |b ΕΛΕΝΗ  |z 2000/01/28